000 00483cam a22001934a 4500
005 20250605164202.0
008 250528s ||||||||||||||||||||||||d
035 _a19771
020 _a9963589936
040 _aGR-AtMCL
_bgre
_dGR-AtMCL
_eAACR2
245 1 _aBURLINGTON PROFICIENCY SERIES: LISTENING COMPREHENSION
250 _a1
260 _bBurlington Books,
_c1993
300 _a54
700 1 _aRoberts E. Lynn
_95969
942 _cBK
999 _c5027
_d5027